Baby said lyrics - Måneskin - Statistics

General Stats
  • This quiz has been taken 938 times
  • The average score is 241 of 300
Answer Stats
Answer % Correct
you
99%
You
99%
your
97%
Baby
96%
baby
96%
me
96%
said
96%
I
95%
When
94%
when
94%
to
93%
talk
92%
my
90%
Are
89%
are
89%
go
89%
Tell
89%
What's
89%
what's
89%
mouth
88%
Shut
88%
talking
88%
about
87%
And
87%
and
87%
give
87%
mother
87%
close
86%
head
86%
dead
85%
on
85%
religion
85%
all
84%
of
84%
want
84%
this
83%
conversation
82%
hand
82%
really
82%
you're
82%
can
81%
dream
81%
ex
81%
face
81%
legs
81%
lips
81%
now
81%
between
80%
look
80%
She
80%
she
80%
end
79%
lovers
79%
thoughts
79%
vacation
79%
Let
78%
please
78%
that
78%
her
77%
taste
77%
puts
74%
color
72%
know
71%
'bout
70%
favorite
70%
begging
69%
but
66%
silhouette
66%
so
64%
I'm
63%
why
63%
running
62%
not
61%
afraid
59%
ambitions
58%
was
57%
the
56%
being
55%
vicious
55%
after
52%
vulgar
48%
away
47%
crying
46%
from
46%
loving
46%
were
44%
wish
43%
at
41%
didn't
41%
just
41%
moon
41%
(uh-uh)
38%
Yeah
36%
coming
33%
while
33%
hauling
6%
(huh-huh)
2%
No matching quizzes found
Score Distribution
Percent of People with Each Score
Percentile by Number Answered
Your Score History
You have not taken this quiz